Temas de gobierno y administración local / Luis Chacón Ortega
ISBN:
84-7028-144-5
Descripción Física:
439 p. : quadres ; 24 cm
MARC
| LEADER | 00000nam a2200000Ia 4500 | ||
|---|---|---|---|
| 001 | 19984 | ||
| 008 | 160829s1986 xx 000 0 cat d | ||
| 020 | |a 84-7028-144-5 | ||
| 080 | |a D-3-184 | ||
| 100 | |a Chacón Ortega, Luis |9 22768 | ||
| 245 | |a Temas de gobierno y administración local / Luis Chacón Ortega | ||
| 260 | |a Barcelona : |b Bayer Hnos., |c 1986 | ||
| 300 | |a 439 p. : |b quadres ; |c 24 cm | ||
| 650 | 0 | |a Administració local |x Dret i legislació |z Espanya |9 11255 | |
| 901 | |a Arxiu | ||
| 942 | |n 1 | ||
| 952 | |0 1 |1 0 |2 udc |4 0 |5 2 |6 D3184 |7 1 |9 51856 |a Arxiu |b Arxiu |d 2016-12-01 |l 0 |o D-3-184 |p 19984 |r 2016-12-01 00:00:00 |w 2016-12-01 |y ARXIU | ||
| 999 | |c 55702 |d 55702 | ||